00337nam a2200133Ia 4500008004100000020001500041041001200056082001100068100001800079245005800097260002800155300000800183650001200191221030s9999 xx 000 0 und d a8172242212 aEnglish a105.23 aG. J. Summers 4aThe Great Book of Puzzles & Teaserscby G. J. Summers bJaico PubaMumbaic2006 a256 aGeneral